Listas de verificación y guía técnica para permisos de construcción y operación de proyectos de carácter turístico en Costa Rica

সংরক্ষণ করুন:
গ্রন্থ-পঞ্জীর বিবরন
প্রধান লেখক: González Amón, Luis Esteban
বিন্যাস: গ্রন্থ
প্রকাশিত: 2011
বিষয়গুলি:
ট্যাগগুলো: ট্যাগ যুক্ত করুন
কোনো ট্যাগ নেই, প্রথমজন হিসাবে ট্যাগ করুন!

MARC

LEADER 00000nam a2200000Ia 4500
003 010593
005 20221231144025.0
008 140114s2011 cr a 000 ||s d
040 |c cru CEDI 
090 |a TFG 6425 
100 |a González Amón, Luis Esteban   |9 2380 
245 |a Listas de verificación y guía técnica para permisos de construcción y operación de proyectos de carácter turístico en Costa Rica  
260 |c 2011 
500 |a Proyecto de graduación (licenciatura en ingeniería civil)--Universidad de Costa Rica. Facultad de Ingeniería. Escuela de Ingeniería Civil 
650 |x TURISMO   |x CONSTRUCCION  |x ASPECTOS LEGALES   |x PERMISOS DE CONSTRUCCION   |x ESPECIFICACIONES   |9 2381 
942 |c TFG 
999 |c 15764  |d 15764